Lucía Madriz : (Record no. 1265)

MARC details
000 -LEADER
campo de control de longitud fija 00832nam a22002417a 4500
008 - DATOS DE LONGITUD FIJA--INFORMACIÓN GENERAL
campo de control de longitud fija 170826s2007 cr||||| |||| 00| 0 spa d
020 ## - NÚMERO INTERNACIONAL ESTÁNDAR DEL LIBRO
Número Internacional Estándar del Libro 9789968899284
082 04 - NÚMERO DE LA CLASIFICACIÓN DECIMAL DEWEY
Número de clasificación 708
Número de ítem A326l
100 1# - ENTRADA PRINCIPAL--NOMBRE DE PERSONA
Nombre de persona Albán Dobles, Jorge.
9 (RLIN) 5937
245 10 - MENCIÓN DEL TÍTULO
Título Lucía Madriz :
Resto del título extra-versión, obras 1999-2007 /
Mención de responsabilidad, etc. textos por Jorge Albán Dobles, Lucía Madriz y Virginia Pérez-Ratton.
250 ## - MENCION DE EDICION
Mención de edición 1a edición.
260 ## - PUBLICACIÓN, DISTRIBUCIÓN, ETC.
Lugar de publicación, distribución, etc. San José, Costa Rica :
Nombre del editor, distribuidor, etc. TEOR/ética,
Fecha de publicación, distribución, etc. 2007.
300 ## - DESCRIPCIÓN FÍSICA
Extensión 100 páginas :
Otras características físicas ilustraciones en color.
440 #0 - MENCIÓN DE SERIE/PUNTO DE ACCESO ADICIONAL--TÍTULO
Título Publicaciones TEOR/ética
Designación de volumen o secuencia 33
9 (RLIN) 5938
653 10 - TÉRMINO DE INDIZACIÓN--NO CONTROLADO
Término no controlado Arte contemporáneo
653 10 - TÉRMINO DE INDIZACIÓN--NO CONTROLADO
Término no controlado Catálogo de obras
653 10 - TÉRMINO DE INDIZACIÓN--NO CONTROLADO
Término no controlado Arte - Costa Rica
653 10 - TÉRMINO DE INDIZACIÓN--NO CONTROLADO
Término no controlado Artistas costarricenses
653 10 - TÉRMINO DE INDIZACIÓN--NO CONTROLADO
Término no controlado Videoarte
653 10 - TÉRMINO DE INDIZACIÓN--NO CONTROLADO
Término no controlado Instalación
700 1# - ENTRADA AGREGADA--NOMBRE PERSONAL
Nombre de persona Madirz. Lucía.
9 (RLIN) 5939
700 1# - ENTRADA AGREGADA--NOMBRE PERSONAL
Nombre de persona Pérez-Ratton, Virginia.
9 (RLIN) 580
Holdings
Estatus retirado Estado de pérdida Fuente del sistema de clasificación o colocación Estado de daño No para préstamo Biblioteca de origen Biblioteca actual Ubicación en estantería Fecha de adquisición Total de préstamos Signatura topográfica completa Código de barras Visto por última vez Fecha del último préstamo Precio de reemplazo Tipo de ítem Koha
    Clasificación Decimal Dewey     Biblioteca LadoV Biblioteca LadoV   26/08/2017 1 708 A326l 004452 12/09/2018 04/08/2018 26/08/2017 Material 01
    Clasificación Decimal Dewey     Biblioteca LadoV Biblioteca LadoV   27/09/2018   708 A326l 002260 27/09/2018   27/09/2018 Material 01